01151nam a22002897a 4500003000500000005001700005008004100022010001000063011001000073035001000083040000900093082001400102110009600116245017400212260003600386300001300422590004100435590004100476590004100517590004200558650002600600901000700626942001000633949006700643999001700710952013400727CHAP20220817041711.0971013s1981 r 00010 d a21938 a22910 a27005 cCHAP a378bA88r aAsociación Nacional de Universidades e Institutos de Enseñanza Superior. México98095 aRelato de la reunión extraordinaria de la asamblea general de la Asociación... celebrada el día 24 de abril de 1981, en elhotel Diplomático de la Cd. de México aMéxico, D.F. :bANUIES,c1981 aca. 65 h aBATCH-UPDb10c20130110lUCH01h1927 aBATCH-UPDb10c20130410lUCH01h1252 aBATCH-UPDb10c20130914lUCH01h1244 aCONVERSIONb10c20130109lUCH01h131314aEducación superior. aBK cLIBRO a378 A88rbBCcLIBROd33724000439691eLIBROh66007i27005mDsi c21938d21938 00102ddc4052708GRALaBCbBCcPA_GRALd2019-12-31fLIBROl0o378 A88rp33724000439691r2019-12-31 00:00:00w2019-12-31yLIBRO